[Event "Glorney Gilbert International 2016 - Glorney"]
[Site "Daventry"]
[Date "2016.07.19"]
[Round "4.3"]
[White "Scott, Luke"]
[Black "Forster, Matthew"]
[Result "0-1"]
[WhiteElo "1922"]
[BlackElo "1733"]
[PlyCount "44"]
[EventDate "2016.07.18"]
[WhiteTeam "Ireland"]
[BlackTeam "England B"]

1. d4 c5 2. d5 e6 3. e4 d6 4. Nc3 Nf6 5. Nf3 exd5 6. exd5 Qe7+ 7. Be2 g6 8. Be3
Bg7 9. Qd2 O-O 10. h3 Re8 11. O-O-O a6 12. a4 Ne4 13. Nxe4 Qxe4 14. a5 Qa4 15.
Kb1 Bf5 16. g4 Be4 17. Rhg1 Nd7 18. Ne1 Nf6 19. Bg5 Nxd5 20. Rg3 Nb4 21. Ra3
Bxc2+ 22. Ka1 Qxa3# 0-1

[Event "Glorney Gilbert International 2016 - Glorney"]
[Site "Daventry"]
[Date "2016.07.19"]
[Round "4.3"]
[White "Cocks, Elliot"]
[Black "Beatty, Ross"]
[Result "0-1"]
[WhiteElo "1756"]
[BlackElo "1770"]
[PlyCount "58"]
[EventDate "2016.07.18"]
[WhiteTeam "England B"]
[BlackTeam "Ireland"]

1. d4 d5 2. c4 c6 3. Nf3 Nf6 4. e3 a6 5. b3 Bf5 6. Bb2 e6 7. Nbd2 Nbd7 8. Be2
Bd6 9. Ne5 Qc7 10. f4 Ne4 11. O-O f6 12. Nd3 O-O-O 13. a4 g5 14. c5 Be7 15. b4
Rdg8 16. b5 Nb8 17. Nb3 gxf4 18. Rxf4 Bd8 19. Bf1 Qg7 20. Nb4 Bc7 21. Rh4 Qg5
22. Qe1 Ng3 23. bxa6 bxa6 24. Nxa6 Nxa6 25. Bxa6+ Kd7 26. Rf4 Ne4 27. Rf2 Nxf2
28. Qxf2 Be4 29. Bf1 Qh5 0-1

[Event "Glorney Gilbert International 2016 - Glorney"]
[Site "Daventry"]
[Date "2016.07.19"]
[Round "4.3"]
[White "Mulligan, Scott"]
[Black "Ashworth, Robert M"]
[Result "1-0"]
[WhiteElo "1940"]
[BlackElo "1560"]
[PlyCount "111"]
[EventDate "2016.07.18"]
[WhiteTeam "Ireland"]
[BlackTeam "England B"]

1. e4 e5 2. Nf3 Nc6 3. Bc4 Bc5 4. d3 h6 5. O-O Nf6 6. h3 d6 7. c3 Be6 8. Nbd2
O-O 9. Re1 Na5 10. Bxe6 fxe6 11. b4 Bxf2+ 12. Kxf2 Nc6 13. Kg1 Qd7 14. Nf1 Rae8
15. Ng3 a6 16. a4 Ne7 17. Ra2 Ng6 18. Rf2 Qc6 19. Qc2 Re7 20. Be3 Ref7 21. c4
Nh7 22. Ref1 Nf4 23. b5 axb5 24. axb5 Qd7 25. Bxf4 Rxf4 26. Nh5 R4f7 27. Nh4
Rxf2 28. Rxf2 Qe8 29. Rxf8+ Kxf8 30. Ng3 Ng5 31. Qf2+ Kg8 32. Nf3 Qg6 33. Nxg5
Qxg5 34. Kh2 h5 35. Nf1 g6 36. Ne3 Kg7 37. g3 Qe7 38. Ng2 g5 39. Qa7 b6 40. Qa2
Qf6 41. Qe2 Kg6 42. h4 g4 43. Ne3 Qf7 44. Nc2 Qf6 45. Qd2 Kf7 46. Kg1 Ke8 47.
Ne1 d5 48. Qg5 Qf7 49. exd5 exd5 50. Qxe5+ Kd7 51. Qxd5+ Qxd5 52. cxd5 Kd6 53.
Ng2 Kxd5 54. Nf4+ Kc5 55. Nxh5 Kxb5 56. Nf4 1-0

[Event "Glorney Gilbert International 2016 - Glorney"]
[Site "Daventry"]
[Date "2016.07.20"]
[Round "5.1"]
[White "Ramaiya, Anshu"]
[Black "Thomas, Ben"]
[Result "1-0"]
[WhiteElo "1714"]
[BlackElo "2005"]
[PlyCount "121"]
[EventDate "2016.07.18"]
[WhiteTeam "England B"]
[BlackTeam "Wales"]

1. e4 b6 2. d4 Bb7 3. Nc3 e6 4. Bd3 Nf6 5. Nge2 c5 6. dxc5 Bxc5 7. a3 Ng4 8.
Be3 Bxe3 9. fxe3 Nxe3 10. Qd2 Nxg2+ 11. Kf2 Nh4 12. Raf1 f5 13. Ke1 Nc6 14. Nb5
O-O 15. Nd6 Ne5 16. Nd4 Bc6 17. Qe2 Qe7 18. Nxc6 Nxd3+ 19. Qxd3 dxc6 20. e5 Ng6
21. Qc3 Rad8 22. Rhg1 f4 23. Rf3 Qh4+ 24. Kf1 Qh5 25. Nc4 b5 26. Rh3 Qf5 27.
Na5 Qxe5 28. Nxc6 Qxc3 29. bxc3 Rd1+ 30. Kf2 Rxg1 31. Kxg1 a6 32. Nb4 a5 33.
Nc6 a4 34. Nd4 e5 35. Nxb5 Ne7 36. Nd6 h6 37. Ne4 Nf5 38. Rd3 Ne3 39. Rd6 Kh7
40. Re6 Rf5 41. Ra6 f3 42. Rxa4 Nd1 43. Nf2 Nxc3 44. Rc4 Rg5+ 45. Kf1 Nb1 46.
Ne4 Rh5 47. Kg1 Nxa3 48. Rc3 Rh3 49. Nf2 Nb1 50. Rb3 Nd2 51. Nxh3 Nxb3 52. cxb3
e4 53. Kf2 Kg6 54. Ke3 Kf5 55. Nf2 g5 56. Nxe4 g4 57. Ng3+ Ke5 58. b4 Kd5 59.
Kf4 h5 60. Kg5 Kc4 61. Kxh5 1-0

[Event "Glorney Gilbert International 2016 - Glorney"]
[Site "Daventry"]
[Date "2016.07.20"]
[Round "5.1"]
[White "Evans, James"]
[Black "Davis, Holden"]
[Result "1-0"]
[WhiteElo "1527"]
[BlackElo "1708"]
[PlyCount "41"]
[EventDate "2016.07.18"]
[WhiteTeam "Wales"]
[BlackTeam "England B"]

1. e4 e6 2. d3 d5 3. Nd2 Nf6 4. Ngf3 Nc6 5. g3 dxe4 6. dxe4 e5 7. Bg2 Bc5 8.
O-O O-O 9. Qe2 a5 10. Nc4 Qe7 11. Be3 b5 12. Ncd2 Ba6 13. Rfd1 Nb4 14. Bxc5
Qxc5 15. c3 Nc6 16. Nf1 Rad8 17. Qc2 Nb4 18. Qe2 Nd3 19. Rxd3 b4 20. Qe3 Nxe4
21. Rxd8 1-0

[Event "Glorney Gilbert International 2016 - Glorney"]
[Site "Daventry"]
[Date "2016.07.20"]
[Round "5.1"]
[White "Ashworth, Robert M"]
[Black "Calist, Aron"]
[Result "1-0"]
[WhiteElo "1560"]
[BlackElo "1500"]
[PlyCount "83"]
[EventDate "2016.07.18"]
[WhiteTeam "England B"]
[BlackTeam "Wales"]

1. e4 c5 2. Nf3 Nc6 3. Bb5 g6 4. O-O Bg7 5. c3 Nf6 6. Re1 O-O 7. d4 cxd4 8.
cxd4 Qb6 9. Bxc6 bxc6 10. Nc3 d5 11. exd5 Nxd5 12. Nxd5 cxd5 13. Rxe7 Bg4 14.
Rb1 Bxf3 15. Qxf3 Qxd4 16. b3 Qb4 17. Re2 Qc5 18. Bd2 Rac8 19. Rbe1 Rc7 20. g3
Rd7 21. Qg4 Rdd8 22. Bb4 Qb6 23. Bxf8 Bxf8 24. Re8 d4 25. Rxd8 Qxd8 26. Qe4 d3
27. Rd1 d2 28. Qf4 Qa5 29. Qxd2 Qh5 30. Qd5 Qh3 31. Qd7 Qh5 32. Rc1 Qe5 33.
Qxa7 Qb2 34. Rc4 Qd2 35. Qa8 g5 36. Rc8 g4 37. Rxf8+ Kg7 38. Rg8+ Kh6 39. Qf8+
Kh5 40. Qxf7+ Kh6 41. Qf6+ Kh5 42. Qh4# 1-0

[Event "Glorney Gilbert International 2016 - Glorney"]
[Site "Daventry"]
[Date "2016.07.20"]
[Round "5.2"]
[White "Brewer, Callum D"]
[Black "O`gorman, Tom"]
[Result "1-0"]
[WhiteElo "1988"]
[BlackElo "2150"]
[PlyCount "59"]
[EventDate "2016.07.18"]
[WhiteTeam "England"]
[BlackTeam "Ireland"]

1. e4 c5 2. Nc3 Nc6 3. Bb5 Nd4 4. Nf3 e6 5. O-O a6 6. Bd3 Ne7 7. Nxd4 cxd4 8.
Ne2 Nc6 9. c3 Bc5 10. b4 Bb6 11. a4 Qh4 12. cxd4 Nxd4 13. Bb2 Nxe2+ 14. Qxe2
O-O 15. e5 Rd8 16. Bc3 Bc7 17. f4 d6 18. Rf3 dxe5 19. fxe5 h6 20. Raf1 Rf8 21.
Rf4 Qg5 22. Rg4 Qe7 23. Rf6 Bb6+ 24. Kh1 Kh8 25. Qe4 g6 26. Qf4 Kg7 27. Rgxg6+
fxg6 28. Rxg6+ Kh8 29. Qxh6+ Qh7 30. Qxf8+ 1-0

[Event "Glorney Gilbert International 2016 - Glorney"]
[Site "Daventry"]
[Date "2016.07.20"]
[Round "5.2"]
[White "Li, Henry"]
[Black "Ashworth, Michael J"]
[Result "1/2-1/2"]
[WhiteElo "1990"]
[BlackElo "1884"]
[PlyCount "67"]
[EventDate "2016.07.18"]
[WhiteTeam "Ireland"]
[BlackTeam "England"]

1. e4 g6 2. Nc3 Bg7 3. f4 c6 4. d4 d5 5. e5 h5 6. Bd3 Nh6 7. Nf3 Bf5 8. Ne2
Bxd3 9. Qxd3 Nf5 10. c3 Qb6 11. a4 a5 12. O-O Na6 13. Bd2 Nc7 14. b4 axb4 15.
cxb4 Qa6 16. b5 cxb5 17. axb5 Qb6 18. Rxa8+ Nxa8 19. Ra1 O-O 20. Ba5 Qa7 21.
Ra3 Nb6 22. Bxb6 Qxb6 23. Nc3 e6 24. Na4 Qc7 25. Qc3 Rc8 26. Qxc7 Rxc7 27. Rc3
Rxc3 28. Nxc3 Bf8 29. Kf2 Bb4 30. Na4 Kf8 31. Ke2 Ke7 32. Kd3 Kd7 33. Ng5 Nh6
34. h3 1/2-1/2

[Event "Glorney Gilbert International 2016 - Glorney"]
[Site "Daventry"]
[Date "2016.07.20"]
[Round "5.2"]
[White "Jina, Taran"]
[Black "Scott, Luke"]
[Result "0-1"]
[WhiteElo "1764"]
[BlackElo "1922"]
[PlyCount "62"]
[EventDate "2016.07.18"]
[WhiteTeam "England"]
[BlackTeam "Ireland"]

1. Nf3 Nf6 2. g3 b5 3. Bg2 Bb7 4. O-O e6 5. d3 d5 6. Qe1 Be7 7. Nbd2 O-O 8. e4
c5 9. b3 Nc6 10. Bb2 Qc7 11. e5 Nd7 12. Qe2 Rfc8 13. c4 bxc4 14. bxc4 d4 15.
Rfe1 Nb4 16. Nf1 Rab8 17. h4 Bxf3 18. Bxf3 Nxd3 19. Qxd3 Rxb2 20. Qe4 Rcb8 21.
Bd1 R2b4 22. Bb3 a5 23. Nd2 Bf8 24. f4 g6 25. h5 Bg7 26. Bc2 Qb7 27. Qd3 Qa6
28. a3 Rb2 29. Ba4 Qb7 30. Bb5 Nb6 31. Ne4 a4 0-1

[Event "Glorney Gilbert International 2016 - Glorney"]
[Site "Daventry"]
[Date "2016.07.20"]
[Round "5.2"]
[White "Beatty, Ross"]
[Black "Green, Michael"]
[Result "0-1"]
[WhiteElo "1770"]
[BlackElo "1890"]
[PlyCount "88"]
[EventDate "2016.07.18"]
[WhiteTeam "Ireland"]
[BlackTeam "England"]

1. e4 e6 2. d3 d5 3. Nd2 Nf6 4. Ngf3 Nc6 5. g3 dxe4 6. dxe4 e5 7. Bg2 Bc5 8.
O-O O-O 9. c3 a5 10. a4 b6 11. h3 Qe7 12. Qc2 Ba6 13. Rd1 Rad8 14. Bf1 Bxf1 15.
Rxf1 Rd7 16. Kg2 Rfd8 17. Re1 Qe6 18. Nf1 Rd3 19. Bg5 h6 20. Bc1 Qd6 21. Nh4
Ne7 22. Qe2 Qe6 23. Nd2 g5 24. Nhf3 Ng6 25. Nd4 Nf4+ 26. gxf4 Qxh3+ 27. Kg1
exd4 28. Nf1 dxc3 29. fxg5 Rg3+ 30. Nxg3 Qxg3+ 31. Kf1 Qh3+ 32. Kg1 Ng4 33. Bf4
Bxf2+ 34. Qxf2 Nxf2 35. Kxf2 Qh4+ 36. Bg3 Rd2+ 37. Re2 Rxe2+ 38. Kxe2 cxb2 39.
Rd1 Qxe4+ 40. Kf2 Qc2+ 41. Ke1 Qxd1+ 42. Kxd1 b1=Q+ 43. Ke2 hxg5 44. Kf3 Qd1+
0-1

[Event "Glorney Gilbert International 2016 - Glorney"]
[Site "Daventry"]
[Date "2016.07.20"]
[Round "5.2"]
[White "Jain, Gautam R"]
[Black "Mulligan, Scott"]
[Result "0-1"]
[WhiteElo "1838"]
[BlackElo "1940"]
[PlyCount "106"]
[EventDate "2016.07.18"]
[WhiteTeam "England"]
[BlackTeam "Ireland"]

1. e4 e6 2. d4 d5 3. Nd2 Nf6 4. e5 Nfd7 5. Bd3 c5 6. c3 Nc6 7. Ne2 a5 8. O-O a4
9. f4 a3 10. b3 cxd4 11. cxd4 Nb4 12. Bb1 g6 13. Nf3 Nb8 14. Kh1 Bd7 15. Rg1 h5
16. Qe1 Bb5 17. Bd2 N8c6 18. Nc3 Qb6 19. Nxb5 Qxb5 20. Qg3 Be7 21. Ng5 Bxg5 22.
fxg5 O-O-O 23. Qf2 Rd7 24. Rc1 Kb8 25. Rc5 Qb6 26. Be3 Rc8 27. Qe2 Nxd4 28.
Rxc8+ Kxc8 29. Qd2 Nbc6 30. Bc2 Qb4 31. Qxb4 Nxb4 32. Bxd4 Nxc2 33. Rc1 Rc7 34.
Bf2 Nb4 35. Rxc7+ Kxc7 36. Bc5 Nxa2 37. Bxa3 d4 38. Bc5 d3 39. Be3 Kc6 40. Bd2
Kd5 41. Kg1 Kxe5 42. Kf2 Kd4 43. Kf3 Nc3 44. Be3+ Kd5 45. Bc1 Nd1 46. Bd2 e5
47. g4 e4+ 48. Kf4 hxg4 49. Bc1 Kd4 50. b4 e3 51. Kxg4 d2 52. Ba3 Nf2+ 53. Kg3
d1=Q 0-1

[Event "Glorney Gilbert International 2016 - Glorney"]
[Site "Daventry"]
[Date "2016.07.20"]
[Round "5.3"]
[White "Albaric, Etienne"]
[Black "Koehn, Lennart"]
[Result "0-1"]
[WhiteElo "2209"]
[BlackElo "1952"]
[PlyCount "80"]
[EventDate "2016.07.18"]
[WhiteTeam "France"]
[BlackTeam "Scotland"]

1. e4 c5 2. Nf3 e6 3. d4 cxd4 4. Nxd4 a6 5. Nc3 Qc7 6. g3 Bb4 7. Nde2 Be7 8.
Bg2 Nf6 9. O-O Nc6 10. a4 Rb8 11. h3 O-O 12. g4 d6 13. f4 b5 14. axb5 axb5 15.
Ng3 b4 16. Nce2 d5 17. e5 Nd7 18. Be3 Bc5 19. Bxc5 Nxc5 20. Nh5 Ne4 21. Qe1 f5
22. exf6 Nxf6 23. Nhg3 Kh8 24. Qd2 b3 25. f5 bxc2 26. Qxc2 Qb6+ 27. Kh1 Nd4 28.
Nxd4 Qxd4 29. fxe6 Bxe6 30. Qc7 Qxb2 31. Rae1 Ne4 32. Nxe4 dxe4 33. Bxe4 g6 34.
Qe7 Rfe8 35. Qh4 Qg7 36. Rf6 Bd5 37. g5 Bxe4+ 38. Rxe4 Qb7 39. Rff4 Rxe4 40.
Rxe4 Re8 0-1

[Event "Glorney Gilbert International 2016 - Glorney"]
[Site "Daventry"]
[Date "2016.07.20"]
[Round "5.3"]
[White "Pannwitz, Kai"]
[Black "Chemla, Oscar"]
[Result "0-1"]
[WhiteElo "1907"]
[BlackElo "2044"]
[PlyCount "98"]
[EventDate "2016.07.18"]
[WhiteTeam "Scotland"]
[BlackTeam "France"]

1. d4 Nf6 2. c4 e6 3. Nc3 Bb4 4. Qc2 Nc6 5. Nf3 d6 6. Bd2 O-O 7. a3 Bxc3 8.
Bxc3 Re8 9. g3 e5 10. d5 Nb8 11. Bg2 a5 12. Rd1 a4 13. c5 Nbd7 14. cxd6 cxd6
15. e4 b6 16. Bf1 Nc5 17. Nd2 Bd7 18. Be2 Rb8 19. O-O Bh3 20. Rfe1 Qd7 21. f3
h5 22. Nf1 Rec8 23. Qd2 Nh7 24. Ne3 f6 25. Nc2 g5 26. Ne3 Nf8 27. g4 hxg4 28.
Kf2 Qh7 29. Rg1 Qh4+ 30. Rg3 gxf3 31. Bxf3 Kf7 32. Qe2 Ng6 33. Rh1 Nf4 34. Qd1
Bd7 35. Nf5 Bxf5 36. exf5 Rh8 37. Ke3 Nfd3 38. Bg4 Qh7 39. h3 Qg8 40. Rg2 Ke7
41. Bf3 Nf4 42. Rgh2 Qg7 43. Qf1 b5 44. Bb4 Ncd3 45. Bc3 Qf8 46. Be4 Nc5 47.
Bf3 Qd8 48. Qg1 Qb6 49. Qd1 Nb3+ 0-1

[Event "Glorney Gilbert International 2016 - Glorney"]
[Site "Daventry"]
[Date "2016.07.20"]
[Round "5.3"]
[White "Warr-Esser, Alexandre"]
[Black "Bond, Alexander"]
[Result "1-0"]
[WhiteElo "2004"]
[BlackElo "1937"]
[PlyCount "105"]
[EventDate "2016.07.18"]
[WhiteTeam "France"]
[BlackTeam "Scotland"]

1. e4 c5 2. Nf3 Nc6 3. Bb5 g6 4. Bxc6 dxc6 5. d3 Nh6 6. h3 f6 7. e5 Nf7 8. Qe2
fxe5 9. Nxe5 Qd5 10. Nf3 Qe6 11. Be3 Bg7 12. Nc3 b6 13. O-O O-O 14. Qd2 Qd7 15.
Ng5 Ba6 16. Nxf7 Rxf7 17. Rad1 Raf8 18. Bh6 Qd4 19. Bxg7 Kxg7 20. b3 Bc8 21.
Ne2 Qh4 22. Qe3 Bf5 23. Rde1 Qf6 24. Ng3 Re8 25. Qe5 h6 26. Re3 Qxe5 27. Rxe5
Kf6 28. Rfe1 Bc8 29. Nf1 e6 30. Nh2 Kg7 31. Nf3 Rf5 32. Rxf5 gxf5 33. Ne5 Bb7
34. f4 Kf6 35. Kf2 Rg8 36. Re3 Rg7 37. Rg3 Rh7 38. Rg6+ Ke7 39. Kg3 Kd6 40.
Rxh6 Rxh6 41. Nf7+ Kd5 42. Nxh6 Kd4 43. Nf7 Kc3 44. h4 Kxc2 45. Ne5 Kb2 46. h5
Kxa2 47. h6 Kxb3 48. h7 a5 49. h8=Q Ba6 50. Qd8 a4 51. Qxb6+ Bb5 52. Nxc6 a3
53. Qxb5+ 1-0

[Event "Glorney Gilbert International 2016 - Glorney"]
[Site "Daventry"]
[Date "2016.07.20"]
[Round "5.3"]
[White "D Costa, Leston"]
[Black "Boitel, Leo"]
[Result "0-1"]
[WhiteElo "1557"]
[BlackElo "1995"]
[PlyCount "90"]
[EventDate "2016.07.18"]
[WhiteTeam "Scotland"]
[BlackTeam "France"]

1. e4 c5 2. Nc3 g6 3. f4 Bg7 4. Nf3 Nc6 5. Bb5 Nd4 6. O-O Nxb5 7. Nxb5 d5 8.
exd5 a6 9. Nc3 Nf6 10. d4 c4 11. Ne5 Nxd5 12. Qf3 Nb4 13. Qf2 Bf5 14. Bd2 Nxc2
15. Rad1 Bd3 16. Be3 Nxe3 17. Qxe3 Bxf1 18. Rxf1 O-O 19. f5 e6 20. fxg6 fxg6
21. Nf3 Qb6 22. Na4 Qd6 23. Nc5 Rxf3 24. Qxf3 Bxd4+ 25. Kh1 Qxc5 26. Qf7+ Kh8
27. Qxe6 Rf8 28. Rxf8+ Qxf8 29. Qxc4 Qf2 30. Qc8+ Kg7 31. Qc7+ Kh6 32. Qc1+ Qe3
33. Qxe3+ Bxe3 34. g3 Kg5 35. Kg2 Kf5 36. Kf3 Bd4 37. b3 h5 38. h3 Ke5 39. g4
h4 40. Kg2 Ke4 41. Kh2 Kf3 42. a3 b5 43. a4 b4 44. a5 Be5+ 45. Kh1 Kg3 0-1

[Event "Glorney Gilbert International 2016 - Glorney"]
[Site "Daventry"]
[Date "2016.07.20"]
[Round "5.3"]
[White "Naillou, Thomas"]
[Black "Gillies, Craig"]
[Result "1-0"]
[WhiteElo "1855"]
[BlackElo "1630"]
[PlyCount "137"]
[EventDate "2016.07.18"]
[WhiteTeam "France"]
[BlackTeam "Scotland"]

1. e4 d5 2. exd5 Nf6 3. d4 Nxd5 4. c4 Nf6 5. Nf3 Bg4 6. Be2 e6 7. Be3 Nc6 8.
O-O Be7 9. Nc3 O-O 10. a3 Qd7 11. b4 Rfd8 12. Ng5 Bxe2 13. Nxe2 Ng4 14. Ne4 b6
15. h3 Nf6 16. N4g3 a6 17. Qc2 g6 18. Rad1 Bf8 19. Ne4 Nxe4 20. Qxe4 a5 21. b5
Na7 22. a4 c6 23. bxc6 Qxc6 24. Qxc6 Nxc6 25. d5 exd5 26. cxd5 Nb4 27. Bxb6
Rxd5 28. Nc3 Rxd1 29. Rxd1 Bg7 30. Ne4 Be5 31. Rd7 Nc6 32. Ng5 Rb8 33. g3 Rxb6
34. Nxf7 Rb1+ 35. Kg2 Rb4 36. Nh6+ Kf8 37. f4 Rb2+ 38. Kf3 Bb8 39. Rxh7 Nd4+
40. Kg4 Rb6 41. h4 Nc6 42. h5 gxh5+ 43. Kxh5 Rb4 44. Rf7+ Ke8 45. Kg5 Rxa4 46.
g4 Bxf4+ 47. Rxf4 Ra1 48. Nf5 a4 49. Nd6+ Kd7 50. Nb5 Rb1 51. Nc3 Rb4 52. Rxb4
Nxb4 53. Nxa4 Nd5 54. Kh6 Ke7 55. Nc5 Kf7 56. Ne4 Ne7 57. Kh7 Nd5 58. g5 Nf4
59. Nd2 Kf8 60. Nc4 Kf7 61. Ne5+ Ke8 62. Kg8 Ke7 63. Kh7 Ke8 64. Kh8 Ke7 65.
Kg8 Ke8 66. Kh7 Ke7 67. Ng6+ Nxg6 68. Kxg6 Kf8 69. Kh7 1-0